| 000 | 00690nam a2200241Ia 4500 | ||
|---|---|---|---|
| 003 | OSt | ||
| 005 | 20220918200805.0 | ||
| 006 | a|||||r|||| 00| 0 | ||
| 007 | ta | ||
| 008 | 220917b |||||||| |||| 00| 0 eng d | ||
| 024 | _a90,233 | ||
| 037 | _cTextual | ||
| 040 |
_aARTS _cARTS _beng |
||
| 041 |
_2eng _aeng |
||
| 082 | _aU6428.1.N5, K3 (UD) | ||
| 100 |
_aAlexandersson Gunnar _995517 |
||
| 245 | 0 |
_aWorld shipping _b an economic geography of ports and seaborne trade |
|
| 260 | _c1963 | ||
| 650 | _aGEOGRAPHY | ||
| 700 |
_a Nosterom Goran _995518 |
||
| 942 |
_hU6428.1.N5, K3 (UD) _cTEXL _2CC |
||
| 999 |
_c213900 _d213900 |
||